| Tag |
First Indicator |
Second Indicator |
Subfields |
| LEADER |
00000nam a2200000 4500 |
| 001 |
in00004225607 |
| 005 |
20200806100749.0 |
| 006 |
m g d |
| 007 |
cr bn |||a|bb| |
| 008 |
910910s1618 fr o 00| | eng d |
| 035 |
|
|
|a (UnM)99844832
|
| 037 |
|
|
|a CL0036000035
|b ProQuest. 789 E. Eisenhower Parkway, Ann Arbor, MI 48108-3218
|
| 040 |
|
|
|a Cu-RivES
|c Cu-RivES
|d CStRLIN
|e dcrb
|d WaOLN
|
| 130 |
0 |
|
|a Jesus psalter.
|
| 245 |
1 |
0 |
|a Sixe spirituall bookes; full of merueilous pietie and deuotion :
|b And first, certaine deuout and godlie petitions, commonlie called, the Iesus Psalter.
|
| 246 |
2 |
|
|a Sixe spirituall bookes; full of merveilous pietie and devotion.
|
| 246 |
2 |
|
|a Psalter of Iesus.
|
| 246 |
2 |
|
|a Psalter of Jesus.
|
| 260 |
|
|
|a At Doway [id est Saint-Omer] :
|b By [P. Auroi for] Iohn Heigham,
|c Anno 1618.
|
| 300 |
|
|
|a 1 online resource (100+ pages :
|b illustrations (metal cuts)
|
| 336 |
|
|
|a text
|b txt
|2 rdacontent
|
| 337 |
|
|
|a computer
|b c
|2 rdamedia
|
| 338 |
|
|
|a online resource
|b cr
|2 rdacarrier
|
| 500 |
|
|
|a The Jesus Psalter is sometimes attributed to Richard Whitford.
|
| 500 |
|
|
|a Editor's dedication signed: Iohn Heigham.
|
| 500 |
|
|
|a Printer's name and actual place of publication from STC.
|
| 500 |
|
|
|a With an additional title page, engraved, with title "The psalter of Iesus". This is from the same plate as was used in STC 14568.3, with the date removed. Variant: lacking the engraved title page.
|
| 500 |
|
|
|a Reproduction of the original in the Henry E. Huntington Library and Art Gallery.
|
| 500 |
|
|
|a Incomplete; contains only the Jesus Psalter.
|
| 510 |
4 |
|
|a STC (2nd edition)
|c 14569.
|
| 533 |
|
|
|a Electronic reproduction.
|b Ann Arbor, Mich. :
|c UMI,
|d 1999-
|f (Early English books online)
|n Digital version of: (Early English books, 1475-1640 ; 1277:09)
|7 s1999 miun s
|
| 610 |
2 |
0 |
|a Catholic Church
|v Prayer-books and devotions
|z England
|v Early works to 1800.
|
| 650 |
|
0 |
|a Devotional literature, English
|v Early works to 1800.
|
| 700 |
1 |
|
|a Whitford, Richard,
|d fl. 1495-1555?,
|e attributed name.
|4 aut
|
| 700 |
1 |
|
|a Heigham, John,
|d fl. 1639.
|
| 830 |
|
0 |
|a Early English books online.
|
| 856 |
4 |
0 |
|u http://proxy.library.tamu.edu/login?url=https://search.proquest.com/docview/2240893542
|z Connect to the full text of this electronic book
|t 0
|
| 999 |
f |
f |
|s 45765efa-1a91-320c-addd-a3f5705fe81e
|i 5e15b154-027d-3118-a714-86a0f87354c5
|t 0
|
| 952 |
f |
f |
|a Texas A&M University
|b College Station
|c Electronic Resources
|d Available Online
|t 0
|h No information provided
|
| 998 |
f |
f |
|t 0
|l Available Online
|